| 000 | 00350pab a2200145 454500 | ||
|---|---|---|---|
| 008 | 180718b1986 xxu||||| |||| 00| 0 eng d | ||
| 100 | _aBharat - Ram, Vinay | ||
| 245 | _aIntellectual heritage of Indian Manager | ||
| 260 | _c1986 | ||
| 300 | _a6-8,31-2 | ||
| 362 | _a12 July | ||
| 650 | _aExecutives - India | ||
| 773 | _aMainstream | ||
| 909 | _a7903 | ||
| 999 |
_c7903 _d7903 |
||